Nyelvtörvény és kacsavadászat Napló 1990 augusztusából

Bibliographic Details
Main Author: Gál, Sándor, 1937-2021 (Author)
Format: Article
Language:Hungarian
Subjects:

MARC

LEADER 00000nab a2200000 a 4500
001 vtls000501890
003 SK-MaSNL
005 20260303221948.0
008 160202c1993 xo 0 hun
015 |a SNBRB19rr/mm-uuuuu 
035 |a CL0502028 
040 |a SNKBUCL  |b slo  |c SNKBUCL  |e AACR2 
041 0 |a hun 
044 |a xo  |c SK 
080 |a 894.511 (437.6)-94=945.11  |2 1981 
100 1 |a Gál, Sándor,  |d 1937-2021  |4 aut  |9 242772 
245 1 0 |a Nyelvtörvény és kacsavadászat  |b Napló 1990 augusztusából  |c Sándor Gál 
650 0 7 |a denníky  |2 snkbucl  |9 305579 
655 7 |a články z novín a časopisov  |2 snkbucl  |9 267496 
655 7 |a články z odboru literárna veda a krásna literatúra  |2 snkbucl  |9 770045 
773 0 |t Irodalmi szemle  |g Roč. 36, č. 11 (1993), s. 51-62 
850 |a Slovenská národná knižnica v Martine  |a DSG001 
852 |a SNK  |b KIS3GCP 
958 |a RK 
958 |a HU 
958 |a LX 
992 |a RBX 
999 |c 2237293  |d 2239223